00878nam a22001695i 4500001000700000003000900007005001700016008004100033040002000074245008700094260011700181300002100298490014700319700003700466830014000503852006500643157904ES-MaACL20251003185627.0040818s1856 sp |||| | spa d aCAM bspa cCAM03aEl lobo marino b: drama en dos actos / ctraducido del francés por Isidoro Gil. aMadrid : bM.P.D. [Manuel Pedro Delgado] : b[Librerias de Cuesta y Rios], c1856 (fImprenta de Cipriano Lopez) a44 p. ; c20 cm.1 aGalería dramatica : coleccion de las mejores obras del teatro antiguo y moderno español y del estrangero [sic] por los principales autores1 aGil y Baus, Isidoro, d1814-186600aGalería dramática: colección de las mejores obras del teatro antiguo y moderno español y estrangero por los principales autores aES-MaACLjFol-Laf-361 z-- Rust. z-- Legado M. de la Fuente